La légende des deux frères et la recherche de l'immortalité /

محفوظ في:

المؤلف الرئيسي: Vikentiev, Vladimir (مؤلف)

التنسيق: كتاب

اللغة: French

الموضوعات:

الوسوم: إضافة وسم

لا توجد وسوم, كن أول من يضع وسما على هذه التسجيلة!

رقم الطلب: PJ1731 .T308 V7 1941

LEADER 00923nam a2200241M 4500
001 10541
003 OSt
005 20210715070452.0
008 130303m19419999ua afh g 000 0 fre d
952 |0 0  |1 0  |2 lcc  |4 0  |6 PJ1731 T308 V7 01941  |7 1  |9 17039  |a ARCE  |b ARCE  |d 2021-07-15  |l 0  |o PJ1731 .T308 V7 1941  |r 2021-07-15 00:00:00  |w 2021-07-15  |y BK 
999 |c 13845  |d 13845 
040 |c ARCE Library 
050 0 4 |a PJ1731 .T308 V7 1941 
100 1 |a Vikentiev, Vladimir,  |e author  |9 41680 
245 1 3 |a La légende des deux frères et la recherche de l'immortalité /  |c V. A. Vikentiev. 
264 1 |a Le Caire :  |b l'Auteur,  |c 1941- 
300 |a volumes :  |b illustrations, plates, facsimiles ;  |c 28 cm. 
630 0 0 |a Tale of the two brothers. 
650 0 |a Egyptian language  |x Papyri, Demotic. 
901 |a reviewed 
942 |c BK  |2 lcc 
945 |a PJ1731 .T308 V7 1941  |g 1  |i mq247538  |l 1arce  |o z  |p $0.00  |q    |r    |s w  |t 0  |u 0  |v 0  |w 0  |x 0 
949 |a PJ1731 .T308 V7 1941